000 00570nam a22002177a 4500
003 UA-OsUOA
001 81586
007 ta
008 20120203b un ||||| |||| 00| 0 ukr d
100 _aВельяминов Г.М.
090 _a34
_bВ28
942 _cSA
040 _aUA-OsUOA
_brus
_cUA-OsUOA
_dUA-OsUOA
245 _aМеждуародно-правовой государственый иммунитет
300 _aС.66-74
955 _a0
041 _arus
080 _a34
773 0 _w81583
650 7 _a34 Право. Юриспруденція
_2UDC
999 _c367903
_d367903